| 000 | 00756nam a2200169 i 4500 | ||
|---|---|---|---|
| 001 | 184774 | ||
| 003 | ES-MaACL | ||
| 005 | 20230906222256.0 | ||
| 008 | 151211s1823 sp |||| | spa d | ||
| 080 | _a282(460)"18" | ||
| 110 | 1 |
_aEspaña. _bCortes (1820-1823). _bComisión Eclesiástica. _9158346 |
|
| 245 | 1 | 0 |
_aDictamen de la Comisión Eclesiástica encargada del arreglo definitivo del clero en España : _bimpreso de orden de las Cortes. |
| 260 |
_aMadrid : _b[s.n.], _c1823 ( _fImp. de Tomás Albán y Compañía) |
||
| 300 |
_a47 p. ; _c21 cm. |
||
| 650 | 4 |
_aClero- _zEspaña- _yS.XIX. _911117 |
|
| 852 | 4 |
_aES-MaACL _jT-139-F-10 _z- Enc. en un vol. facticio, falto de cub. original _z- Anotaciones ms. en los márgenes _z- Donat. Gallardo |
|
| 999 |
_c184774 _d184774 |
||